[Event "Liberec Desko op"]
[Site "Liberec"]
[Date "2020.07.19"]
[Round "3"]
[White "Krtous, Zdenek"]
[Black "Kucera, Petr3333"]
[Result "0-1"]
[WhiteElo "2048"]
[BlackElo "2240"]
[PlyCount "86"]
[EventDate "2020.07.18"]
[EventType "swiss"]
[EventRounds "9"]
[EventCountry "CZE"]
[SourceTitle "CBM 197 Extra"]
[Source "ChessBase"]
[SourceDate "2020.09.30"]
[SourceVersion "1"]
[SourceVersionDate "2020.09.30"]
[SourceQuality "1"]

1. e4 c6 2. d4 d5 3. exd5 cxd5 4. c4 Nf6 5. Nc3 g6 6. cxd5 Bg7 7. Nf3 0-0 8. Bc4 Nbd7 9. 0-0 Nb6 10. Bb3 Nbxd5 11. Bg5 Nxc3 12. bxc3 Ne4 13. Bh4 Nxc3 14. Qc2 Nd5 15. Qc5 Nf6 16. Rfe1 e6 17. Rad1 Qb6 18. Qc1 a5 19. Ne5 a4 20. Bc4 Nd5 21. Qa1 g5 22. Rb1 Qc7 23. Rec1 Qe7 24. Bg3 Rd8 25. Bd3 Nb4 26. Bc4 Nc6 27. Rd1 Nxe5 28. dxe5 Rxd1+ 29. Rxd1 Bd7 30. Qd4 Bc6 31. h4 h6 32. Qb6 Bf8 33. Rd4 Qc5 34. Qxc5 Bxc5 35. Rg4 Be7 36. hxg5 hxg5 37. Bh4 Rd8 38. Bxg5 Rd1+ 39. Kh2 Bxg5 40. Rxg5+ Kf8 41. a3 b5 42. Be2 Rd2 43. Bh5 Rxf2 0-1

[Event "CZE-chT2B 1516"]
[Site "Czech Republic"]
[Date "2015.11.08"]
[Round "2.5"]
[White "Krtous, Zdenek"]
[Black "Riha, Jaroslav1111"]
[Result "0-1"]
[WhiteElo "2059"]
[BlackElo "2146"]
[PlyCount "65"]
[EventDate "2015.10.18"]
[EventType "team-tourn"]
[EventRounds "11"]
[EventCountry "CZE"]
[SourceTitle "EXT 2022"]
[Source "ChessBase"]
[SourceDate "2021.10.06"]
[SourceVersion "1"]
[SourceVersionDate "2021.10.06"]
[SourceQuality "1"]
[WhiteTeam "Turnov Zikuda III"]
[BlackTeam "Teplice"]
[WhiteTeamCountry "CZE"]
[BlackTeamCountry "CZE"]

1. e4 d6 2. d4 Nf6 3. Nc3 g6 4. Bc4 c6 5. Bb3 Qc7 6. f4 c5 7. Nf3 cxd4 8. Qxd4 Bg7 9. e5 Nc6 10. Qc4 Be6 11. exf6 Bxc4 12. fxg7 Rg8 13. Bxc4 Rxg7 14. Nd5 Qd7 15. Bd2 Qe6+ 16. Kf2 Qd7 17. Rhe1 0-0-0 18. b4 e6 19. Nf6 Qc7 20. Bd3 d5 21. Rab1 Ne7 22. g4 h6 23. h4 g5 24. fxg5 hxg5 25. Bxg5 Rxg5 26. hxg5 Qf4 27. Kg2 Nc6 28. b5 Nd4 29. Nxd4 Qxd4 30. Kg3 Kc7 31. Rbd1 e5 32. Bf5 Qc3+ 33. Rd3 0-1

[Event "CZE-chT2B 1213"]
[Site "Czech Republic"]
[Date "2013.01.20"]
[Round "7.8"]
[White "Krtous, Zdenek"]
[Black "Novotny, Roman2222"]
[Result "1-0"]
[WhiteElo "2021"]
[BlackElo "2034"]
[PlyCount "39"]
[EventDate "2012.10.14"]
[EventType "team-tourn"]
[EventRounds "11"]
[EventCountry "CZE"]
[SourceTitle "EXT 2015"]
[Source "ChessBase"]
[SourceDate "2014.11.20"]
[SourceVersion "1"]
[SourceVersionDate "2014.11.20"]
[SourceQuality "1"]
[WhiteTeam "Liberec Desko"]
[BlackTeam "Neratovice"]
[WhiteTeamCountry "CZE"]
[BlackTeamCountry "CZE"]

1. e4 c5 2. Nf3 d6 3. d4 cxd4 4. Nxd4 Nf6 5. Nc3 a6 6. h3 e5 7. Nde2 h5 8. Bg5 Be7 9. Bxf6 Bxf6 10. Nd5 Bg5 11. Nec3 Be6 12. Bc4 Nc6 13. Bb3 Nd4 14. Ne2 Qa5+ 15. c3 Nxb3 16. axb3 Qc5 17. Qd3 f5 18. b4 Qc6 19. Qg3 Bxd5 20. exd5 1-0

[Event "Liberec Metalmex op"]
[Site "Liberec"]
[Date "2012.08.15"]
[Round "6"]
[White "Krtous, Zdenek"]
[Black "Kucera, Jaroslav"]
[Result "1-0"]
[WhiteElo "2020"]
[BlackElo "2002"]
[PlyCount "173"]
[EventDate "2012.08.11"]
[EventType "swiss"]
[EventRounds "9"]
[EventCountry "CZE"]
[SourceTitle "EXT 2014"]
[Source "ChessBase"]
[SourceDate "2013.11.20"]
[SourceVersion "1"]
[SourceVersionDate "2013.11.20"]
[SourceQuality "1"]

1. e4 d5 2. exd5 Nf6 3. c4 e6 4. d4 exd5 5. Nc3 c6 6. Nf3 Bg4 7. Qb3 Qe7+ 8. Be3 Bxf3 9. gxf3 Qb4 10. 0-0-0 Qxb3 11. axb3 Nbd7 12. Bh3 Bd6 13. Rhg1 g6 14. Bh6 Kd8 15. Rge1 dxc4 16. bxc4 Nh5 17. d5 c5 18. Ne4 Kc7 19. Bg4 Ne5 20. Nxd6 Kxd6 21. Bxh5 gxh5 22. Bf4 f6 23. Re4 Rae8 24. Rde1 Re7 25. Bxe5+ Rxe5 26. Rxe5 fxe5 27. f4 exf4 28. Re6+ Kd7 29. Rf6 Rg8 30. Rxf4 Rg4 31. Rf7+ Kc8 32. b3 Rg1+ 33. Kd2 Rg2 34. Ke3 Rxh2 35. Ke4 Rg2 36. Ke5 h4 37. f4 h3 38. Rxh7 h2 39. f5 Kd8 40. Kd6 Ke8 41. Kc7 Rg7+ 42. Rxg7 h1Q 43. Kxb7 Qa1 44. Rc7 Qa5 45. Rc6 Kd7 46. f6 Qb4+ 47. Kxa7 Qa3+ 48. Kb6 Qb4+ 49. Ka6 Kd8 50. Rb6 Qa3+ 51. Kb5 Kd7 52. Rb7+ Kd6 53. Rb6+ Kd7 54. Rb7+ Kc8 55. Rb6 Kd8 56. Kc6 Ke8 57. d6 Kf7 58. d7 Qa8+ 59. Kc7 Qa7+ 60. Rb7 Qa5+ 61. Rb6 Qa7+ 62. Kc6 Qa8+ 63. Kxc5 Qa5+ 64. Kc6 Qa8+ 65. Kb5 Qd8 66. Rd6 Qb8+ 67. Kc6 Qa8+ 68. Kc5 Qa5+ 69. Kd4 Qa7+ 70. Ke5 Qa5+ 71. Ke4 Qe1+ 72. Kd5 Qa5+ 73. c5 Qa8+ 74. Ke5 Qd8 75. b4 Kf8 76. c6 Kf7 77. c7 Qh8 78. d8N+ Ke8 79. c8Q Qh2+ 80. Kd5 Qg2+ 81. Kd4 Qd2+ 82. Ke4 Qe2+ 83. Kf4 Qf1+ 84. Kg5 Qg1+ 85. Qg4 Qd1 86. Kg6 Qc2+ 87. Kg7 1-0

[Event "Liberec Metalmex op"]
[Site "Liberec"]
[Date "2012.08.12"]
[Round "2"]
[White "Krtous, Zdenek"]
[Black "Bednar, Marcel"]
[Result "1/2-1/2"]
[WhiteElo "2020"]
[BlackElo "2301"]
[PlyCount "74"]
[EventDate "2012.08.11"]
[EventType "swiss"]
[EventRounds "9"]
[EventCountry "CZE"]
[SourceTitle "EXT 2014"]
[Source "ChessBase"]
[SourceDate "2013.11.20"]
[SourceVersion "1"]
[SourceVersionDate "2013.11.20"]
[SourceQuality "1"]

1. e4 c5 2. Nf3 d6 3. d4 cxd4 4. Nxd4 Nf6 5. Nc3 a6 6. h3 b5 7. g4 Bb7 8. Bg2 e6 9. g5 Nfd7 10. 0-0 Qc7 11. f4 Nb6 12. f5 e5 13. Nb3 b4 14. Nd5 Nxd5 15. exd5 Nd7 16. a3 bxa3 17. Rxa3 a5 18. Be3 Be7 19. Qd3 Ba6 20. Qe4 Bxf1 21. Bxf1 Bd8 22. Bb5 0-0 23. f6 g6 24. Bc6 Ra6 25. Qc4 Nb8 26. Qh4 h5 27. Bb5 Qxc2 28. Bxa6 Nxa6 29. Qf2 Qd1+ 30. Qf1 Qxf1+ 31. Kxf1 Nb4 32. Ke2 Nxd5 33. Nxa5 Nxe3 34. Kxe3 Bb6+ 35. Ke4 Bc5 36. Rb3 Ra8 37. Rb5 h4 1/2-1/2

[Event "Prague Holiday M11"]
[Site "Prague"]
[Date "2012.07.17"]
[Round "4"]
[White "Krtous, Zdenek"]
[Black "Thomasson, Staffan"]
[Result "1-0"]
[WhiteElo "2025"]
[BlackElo "1931"]
[PlyCount "69"]
[EventDate "2012.07.15"]
[EventType "tourn"]
[EventRounds "9"]
[EventCountry "CZE"]
[SourceTitle "EXT 2023"]
[Source "ChessBase"]
[SourceDate "2022.10.05"]
[SourceVersion "1"]
[SourceVersionDate "2022.10.05"]
[SourceQuality "1"]

1. e4 g6 2. d4 Bg7 3. Nc3 d6 4. Be3 a6 5. Qd2 Nd7 6. h4 Ngf6 7. Be2 h5 8. Nh3 b5 9. Ng5 Bb7 10. f3 c5 11. dxc5 Nxc5 12. Bxc5 dxc5 13. Qxd8+ Rxd8 14. e5 Nd5 15. e6 Bxc3+ 16. bxc3 fxe6 17. Nxe6 Rc8 18. Bd3 Kd7 19. Ng5 Nf4 20. Kf2 Nxd3+ 21. cxd3 e5 22. Rhe1 Rhe8 23. Nf7 c4 24. dxc4 Rc5 25. Rad1+ Kc7 26. Nd6 Re7 27. cxb5 Rxc3 28. Nxb7 Kxb7 29. bxa6+ Kxa6 30. Rd6+ Kb5 31. Rxg6 Rc2+ 32. Kg3 Rxa2 33. Rg5 Kc4 34. Rexe5 Rd7 35. Rc5+ 1-0

[Event "Prague Holiday M11"]
[Site "Prague"]
[Date "2012.07.16"]
[Round "3"]
[White "Beckmann, Klaus2222"]
[Black "Krtous, Zdenek"]
[Result "1-0"]
[WhiteElo "2149"]
[BlackElo "2025"]
[PlyCount "72"]
[EventDate "2012.07.15"]
[EventType "tourn"]
[EventRounds "9"]
[EventCountry "CZE"]
[SourceTitle "EXT 2023"]
[Source "ChessBase"]
[SourceDate "2022.10.05"]
[SourceVersion "1"]
[SourceVersionDate "2022.10.05"]
[SourceQuality "1"]

1. e4 c5 2. c3 d6 3. d4 Nf6 4. Bd3 g6 5. Nf3 Bg7 6. 0-0 0-0 7. h3 Qc7 8. Re1 Rd8 9. Bg5 h6 10. Bh4 e5 11. dxe5 dxe5 12. Qe2 Nc6 13. Bc4 Rd6 14. Nbd2 Be6 15. Bxf6 Bxc4 16. Nxc4 Rxf6 17. a4 Re6 18. Nfd2 Rd8 19. Nf1 Na5 20. Nfe3 Nxc4 21. Qxc4 Qc6 22. Nd5 Rd7 23. f3 Bf6 24. Red1 Bd8 25. Qb5 Red6 26. c4 a5 27. Rd3 Qxb5 28. axb5 b6 29. Rad1 Kg7 30. Kf2 h5 31. g3 h4 32. g4 f6 33. Ke2 Kf7 34. Nxf6 Rxd3 35. Nxd7 Rxd1 36. Kxd1 Ke7 1-0

[Event "CZE-chT2C 1112"]
[Site "Czech Republic"]
[Date "2011.11.20"]
[Round "3.8"]
[White "Rychna, Lukas"]
[Black "Krtous, Zdenek"]
[Result "1-0"]
[WhiteElo "2008"]
[BlackElo "2080"]
[PlyCount "71"]
[EventDate "2011.10.09"]
[EventType "team-tourn"]
[EventRounds "11"]
[EventCountry "CZE"]
[SourceTitle "EXT 2013"]
[Source "ChessBase"]
[SourceDate "2012.11.22"]
[SourceVersion "1"]
[SourceVersionDate "2012.11.22"]
[SourceQuality "1"]
[WhiteTeam "Jicin II"]
[BlackTeam "Liberec"]
[WhiteTeamCountry "CZE"]
[BlackTeamCountry "CZE"]

1. e4 c5 2. Nf3 Nc6 3. d4 cxd4 4. Nxd4 Nf6 5. Nc3 e5 6. Ndb5 d6 7. Bg5 a6 8. Na3 b5 9. Nd5 Be7 10. Nxf6+ Bxf6 11. Bxf6 Qxf6 12. Be2 0-0 13. 0-0 Qg6 14. f3 Kh8 15. c3 f5 16. Bd3 Ne7 17. Nc2 d5 18. exf5 Bxf5 19. Bxf5 Qxf5 20. Ne3 Qg5 21. Qe2 Rae8 22. Rae1 Qg6 23. Kh1 Qc6 24. Ng4 Ng6 25. Qd2 e4 26. fxe4 Rxf1+ 27. Rxf1 dxe4 28. Qd4 Qe6 29. Nh6 Ne5 30. Nf5 Qf6 31. Qxe4 Rf8 32. g4 g6 33. Ng3 Nf3 34. Ne2 Kg8 35. Nd4 Qe5 36. Qxe5 1-0

[Event "Liberec Metalmex op"]
[Site "Liberec"]
[Date "2011.08.15"]
[Round "3"]
[White "Bradac, Daniel"]
[Black "Krtous, Zdenek"]
[Result "0-1"]
[WhiteElo "1894"]
[BlackElo "2029"]
[PlyCount "104"]
[EventDate "2011.08.13"]
[EventType "swiss"]
[EventRounds "9"]
[EventCountry "CZE"]
[SourceTitle "CBM 143 Extra"]
[Source "ChessBase"]
[SourceDate "2011.08.29"]
[SourceVersion "1"]
[SourceVersionDate "2011.08.29"]
[SourceQuality "1"]

1. e4 c5 2. d3 Nc6 3. Nd2 Nf6 4. g3 d5 5. Bg2 e5 6. c3 Be7 7. Ngf3 0-0 8. 0-0 Qc7 9. Re1 Rd8 10. Qb3 Na5 11. Qc2 Nc6 12. a3 a5 13. exd5 Nxd5 14. Nc4 f6 15. Nh4 Nb6 16. Ne3 a4 17. Be4 g6 18. d4 f5 19. Nhxf5 gxf5 20. Nxf5 Bxf5 21. Bxf5 Bf6 22. Be6+ Kh8 23. Qf5 Rf8 24. dxc5 Nc8 25. Re4 N8e7 26. Qh5 Ng6 27. Rg4 Nce7 28. Bh6 Bg7 29. Bxg7+ Kxg7 30. c6 Nxc6 31. Bf5 Qf7 32. Bxg6 hxg6 33. Rf1 Qf6 34. Rg5 Rh8 35. Qg4 Raf8 36. h4 Rh6 37. h5 Kh7 38. hxg6+ Rxg6 39. Rxg6 Qxg6 40. Qxa4 Qf5 41. Qb5 Rf7 42. Qe2 e4 43. Kg2 Ne5 44. Rh1+ Kg6 45. Rh4 Qf3+ 46. Qxf3 exf3+ 47. Kh3 Nd3 48. g4 Nxf2+ 49. Kh2 Kg5 50. Rh8 Kxg4 51. Kg1 Ne4 52. Re8 Kf4 0-1